The small public library survival guide : (Record no. 283249)
[ view plain ]
| 000 -LEADER | |
|---|---|
| fixed length control field | 00433nam a2200133Ia 4500 |
| 008 - FIXED-LENGTH DATA ELEMENTS--GENERAL INFORMATION | |
| fixed length control field | 150223s9999 xx 000 0 und d |
| 020 ## - INTERNATIONAL STANDARD BOOK NUMBER | |
| International Standard Book Number | 9789746522151 |
| 050 ## - LIBRARY OF CONGRESS CALL NUMBER | |
| Classification number | Z 678.8 |
| Item number | .L253 2008 |
| 100 ## - MAIN ENTRY--PERSONAL NAME | |
| Personal name | Landau, Herbert B. |
| 245 #4 - TITLE STATEMENT | |
| Title | The small public library survival guide : |
| Remainder of title | thriving on less / |
| Statement of responsibility, etc | Herbert B. Landau |
| 260 ## - PUBLICATION, DISTRIBUTION, ETC. (IMPRINT) | |
| Place of publication, distribution, etc | Chicago : |
| Name of publisher, distributor, etc | iGroup Press Co., Ltd., |
| Date of publication, distribution, etc | 2008 |
| 300 ## - PHYSICAL DESCRIPTION | |
| Extent | 159 pages : |
| Dimensions | 23 cm. |
| 504 ## - BIBLIOGRAPHY, ETC. NOTE | |
| Bibliography, etc | Includes Index. |
No items available.